书目信息 |
| 题名: |
最新版韩国语基础教程
|
|
| 作者: | 李先汉 , 李成道 , 肖伟山 编著 | |
| 分册: | 上 | |
| 出版信息: | 沈阳 辽宁民族出版社 2005.01 |
|
| 页数: | 292页 | |
| 开本: | 26cm | |
| 丛书名: | ||
| 单 册: | ||
| 中图分类: | H55 | |
| 科图分类: | ||
| 主题词: | 朝鲜语--chao xian yu--教材 | |
| 电子资源: | ||
| ISBN: | 7-80644-971-X | |
| 000 | 01014nam0 2200277 450 | |
| 001 | 012007910465 | |
| 005 | 20071205102217.78 | |
| 010 | @a7-80644-971-X@dCNY25.00 | |
| 100 | @a20071204d2005 km y0chi0120 ea | |
| 101 | 0 | @achi@akor |
| 102 | @aCN@b210000 | |
| 105 | @ay z 000yy | |
| 106 | @ar | |
| 200 | 1 | @a最新版韩国语基础教程@Azui xin ban han guo yu ji chu jiao cheng@h上@f李先汉 ... [等] 编著@Fli xian han...[deng]bian zhu |
| 210 | @a沈阳@c辽宁民族出版社@d2005.01 | |
| 215 | @a292页@d26cm | |
| 304 | @a题名页题 : 李先汉, 李成道, 肖伟山, 朴京南编著 | |
| 330 | @a本册为初级教材,简略介绍了韩国语的基本特点、韩国语的字母及其发音和音变现象,课文以日常会话为主,兼顾社会、文化等方面。 | |
| 517 | 1 | @a韩国语基础教程@Ahan guo yu ji chu jiao cheng |
| 606 | 0 | @a朝鲜语@Achao xian yu@j教材 |
| 690 | @aH55@v4 | |
| 701 | 0 | @a李先汉@Ali xian han@4编著 |
| 701 | 0 | @a李成道@Ali cheng dao@4编著 |
| 701 | 0 | @a肖伟山@Axiao wei shan@4编著 |
| 801 | 0 | @aCN@bQSSK@c20071205 |
| 905 | @b270484-86@dH55@eL292:1@f3 | |
| 最新版韩国语基础教程.上/李先汉 ... [等] 编著.-沈阳:辽宁民族出版社,2005.01 |
| 292页;26cm |
| ISBN 7-80644-971-X:CNY25.00 |
| 本册为初级教材,简略介绍了韩国语的基本特点、韩国语的字母及其发音和音变现象,课文以日常会话为主,兼顾社会、文化等方面。 |
| ● |
| 相关链接 |
|
|
|
正题名:最新版韩国语基础教程
索取号:H55/L292:1
 
预约/预借
| 序号 | 登录号 | 条形码 | 馆藏地/架位号 | 状态 | 备注 |
| 1 | 270484 | 202704840 | 语言库209/209语言库 136排1列4层/ [索取号:H55/L292:1] | 在馆 | |
| 2 | 270485 | 202704859 | 语言库209/209语言库 136排1列4层/ [索取号:H55/L292:1] | 在馆 |